000 00418nam a2200157Ia 4500
008 240729s9999 xx 000 0 und d
022 _a2590-2601
245 0 _aMethods in Psychology
260 _aUnited Kingdom
260 _bElsevier
650 _a Psychology
650 _aPhilosophy. Psychology. Religion
856 _uhttps://doaj.org/toc/fc9aa4551da04b70adf8657fa29bccef
942 _2ddc
942 _cDOAJEJ
999 _c71876
_d71876
945 _a1
_bMadushi Gamage
_c1
_dMadushi Gamage